El calentamiento global : historia de un descubrimiento científico /

Obra en la que se recorre la lucha de los científicos por abrirse paso a través de las incertidumbres del cambio climático, se trata de ayudarnos a entender el atolladero en que nos encontramos para haber llegado a descubrir este fenómeno que afectará a nuestro bienestar personal, a la evolución de...

תיאור מלא

שמור ב:
מידע ביבליוגרפי
מחבר ראשי: Weart, Spencer R. (autor)
פורמט: ספר
שפה:ספרדית
יצא לאור: Pamplona, España : México : Laetoli ; Océano, 2006, c2006
נושאים:
תגים: הוספת תג
אין תגיות, היה/י הראשונ/ה לתייג את הרשומה!

MARC

LEADER 00000nam^a2200000^a^4500
001 000189530
005 20250521000000.0
009 20260310102418.615
020 |a 970-777-189-5 
037 |a Acervo ITESO - Biblioteca 
041 |a ESP 
082 |a 551. 6  |b WEA 
100 |a Weart, Spencer R.  |e (autor) 
245 1 3 |a El calentamiento global :  |b historia de un descubrimiento científico /  |c S.R. Weart ; tr. por José Luis Gil Aristu. 
264 4 |a Pamplona, España :  |b Laetoli ;  |a México :  |b Océano,  |c 2006, c2006 
300 |a 260 p. 
336 |a texto  |b txt  |2 rdacontenido 
337 |a sin mediación  |b n  |2 rdamedio 
338 |a volumen  |b nc  |2 rdasoporte 
500 |a Traducción de: The Discovery of Global Warming 
520 |a Obra en la que se recorre la lucha de los científicos por abrirse paso a través de las incertidumbres del cambio climático, se trata de ayudarnos a entender el atolladero en que nos encontramos para haber llegado a descubrir este fenómeno que afectará a nuestro bienestar personal, a la evolución de la sociedad humana y a todas las formas de vida del planeta. 
649 |a XX 
650 |a Calentamiento de la Tierra -  |x Tema Principal 
650 |a Cambio Ambiental Global 
650 |a Cambio Climático -  |x Historia 
650 |a Cooperación Internacional 
650 |a Climatología 
910 |a Fondo General 
920 |a Impresos - Libros 
930 |a Colección General 
905 |a 101 
901 |a 0500132643  |b IT1  |c ACC  |u 20250521 
902 |a https://opac.biblio.iteso.mx/vufind/Record/000189530